000 00321nam a22001337a 4500
008 230704b xxu||||| |||| 00| 0 eng d
020 _a0199268983
082 _a342
_bCAN
100 _cPeter Cane
245 _aAdministrative law
260 _aNew York
_boxford University press
_c2004
300 _a466p
942 _2ddc
_cBK
999 _c3865
_d3865